000
00311nam a2200133Ia 4500
005
20260328104317.0
008
260328s9999||||xx |||||||||||||| ||und||
100
_a
Minguet, Anna
245
0
_a
Modular MIcro Apartments /
_c
Anna Minguet
260
_b
Monsa
300
_a
136 p.
650
_a
MADERA
942
_c
BK
999
_c
11214
_d
11214